[Event "Klubbmesterskapet 2014 (B)"]
[Site "Ås, Akershus NOR"]
[Date "2014.04.03"]
[Round "8"]
[White "Thowsen, Alf Geir"]
[Black "Aasestad, Tor Erik"]
[Result "1-0"]
[WhiteElo "1173"]
[BlackElo "876"]
[PlyCount "47"]
[EventDate "2014.01.16"]

1. d4 d5 2. c4 e6 3. cxd5 exd5 4. Nc3 Nf6 5. e3 Nc6 {[%eval 3,16]} ({Relevant:
} 5... c6 6. Bd3 Bg4 7. Nge2 Bh5 8. Qb3 Qb6 9. Nf4 Qxb3 10. axb3 Bg6 11. Nxg6
hxg6 12. O-O Nbd7 13. f3 Bd6 14. h3 Bc7 15. Bd2 O-O 16. b4 Rfd8 17. Rfc1 a6 18.
Na4 Ne8 19. Nc5 Nd6 20. Be1 Rab8 21. Bh4 Nf6 22. g4 Nde8 23. Kg2 Bd6 24. Re1
Nc7 25. Re2 Be7 26. Rc1 Kf8 27. Bg3 Bd6 28. Bf2 Ke7 29. Bb1 Nb5 30. Rd1 Kf8 31.
Bh4 Be7 32. Red2 Nd7 33. Bg3 Bd6 34. Bf2 Be7 35. Bd3 {Borisenko,A (2399)
-Burmakin,V (2592) Sochi 2012 0-1 (75)}) 6. Nf3 {[%eval -8,15]} a6 {[%eval 13,
16]} 7. Bd3 {[%eval 12,16]} Bb4 {[%eval 20,15]} 8. a3 {[%eval 16,17]} Bd6 $146
{[%eval 15,15]} ({Predecessor:} 8... Bxc3+ 9. bxc3 Bg4 10. h3 Bh5 11. Be2 Ne4
12. Bb2 b5 13. Nd2 Bg6 14. Nxe4 Bxe4 15. Bf3 Qe7 16. O-O O-O 17. Re1 Rfe8 18.
Rc1 Qh4 19. Bg4 f5 20. Be2 f4 21. exf4 Qxf4 22. Bd3 Re6 23. Re3 Bf5 {1/2-1/2 
(23) Hoegener,C (1544)-Cosic,M (1728) Luxembourg 1999}) 9. Qc2 {[%eval 16,15]}
g6 {[%eval 24,16]} 10. O-O {[%eval 19,17]} Bg4 {[%eval 22,15]} 11. Be2 {[%eval
-8,18]} O-O {[%eval -7,16]} 12. h3 {[%eval -8,17]} Bf5 {[%eval -8,15]} 13. Bd3
{[%eval -19,19]} Bxd3 {[%eval -21,18]} 14. Qxd3 {[%eval -22,17]} b5 {[%eval 17,
16]} 15. e4 {[%eval 9,19]} dxe4 {[%eval 10,20]} 16. Nxe4 {[%eval 9,18]} Nxe4 {
[%eval 10,18]} 17. Qxe4 {[%eval 9,18]} Na5 {[%eval 10,18]} 18. Qc2 {[%eval 17,
16]} Qf6 {[%eval 81,18]} 19. Bh6 {[%eval 9,18]} Rfe8 {[%eval 15,16]} 20. Qc3 {
[%eval 0,17]} g5 {[%eval 481,19]} 21. Bxg5 {[%eval 481,17]} Qf5 {[%eval 482,17]
} 22. Qxa5 {[%eval 478,15]} Bf4 {[%eval 643,19]} 23. Bxf4 {[%eval 642,19]} Qxf4
{[%eval 630,17]} 24. Qc3 {[%eval 605,15]} 1-0

[Event "Klubbmesterskapet 2014 (B)"]
[Site "Ås, Akershus NOR"]
[Date "2014.04.03"]
[Round "8"]
[White "Stensland, Martin"]
[Black "Aalmo, Alexander"]
[Result "1-0"]
[WhiteElo "1170"]
[BlackElo "1098"]
[Annotator "Furnes,Torstein"]
[PlyCount "120"]
[EventDate "2014.01.16"]

1. d4 d5 2. Bf4 Nf6 3. e3 e6 4. Nf3 c5 5. Nc3 a6 {[%eval 43,14]} 6. h3 {[%eval
21,15]} ({Relevant:} 6. a3 Nc6 7. Bd3 Bd6 8. dxc5 Bxc5 9. O-O Bd6 10. Bxd6 Qxd6
11. e4 d4 12. Ne2 e5 13. Ng3 g6 14. h3 h6 15. Bc4 Be6 16. Bxe6 Qxe6 17. Qd2 Rd8
18. a4 a5 19. Ra3 Nd7 20. Ne1 Nb6 21. Rb3 Nc4 22. Qd1 b6 23. Nd3 O-O 24. Re1
Rb8 25. Nf1 Kg7 26. Nh2 Rfc8 27. Qc1 Ne7 28. Ng4 h5 29. Nh2 f6 30. Nf3 Nd6 31.
Nd2 g5 32. Qd1 h4 33. c3 dxc3 34. Rxc3 Rxc3 35. bxc3 Rc8 {Rapport,R (2691)
-Vitiugov,N (2737) Caleta 2014 1/2-1/2 (76)}) 6... Bd7 $146 {[%eval 48,15]} ({
Predecessor (3):} 6... Nbd7 7. Be2 b5 8. O-O Bb7 9. Ne5 b4 10. Na4 Nxe5 11.
Bxe5 Nd7 12. Bg3 Bc6 13. c3 Qa5 14. Nxc5 Bxc5 15. dxc5 bxc3 16. Bd6 cxb2 17.
Rb1 Qc3 18. Qd4 Qxd4 19. exd4 Nf6 20. f3 Kd7 21. Rxb2 Ne8 22. Bg3 Nc7 23. Rfb1
Ra7 24. Rb6 Nb5 25. Rb4 Rc8 26. Bd3 a5 27. R4xb5 Bxb5 28. Bxb5+ Ke7 29. Bd6+
Kf6 30. Bb8 Ra8 31. Be5+ {1-0 (31) Lessard,C (2088)-Bonneau,D (2013) Quebec
2010}) 7. Ne5 {[%eval 20,15]} Qb6 {[%eval 21,15]} 8. Rb1 {[%eval 9,16]} cxd4 {
[%eval 15,17]} 9. exd4 {[%eval -5,16]} Bb4 {[%eval 26,16]} 10. Be2 {[%eval 25,
16]} Ne4 {[%eval 93,18]} 11. O-O {[%eval 92,17]} Nf6 {[%eval 89,15]} 12. a3 {
[%eval 67,16]} Be7 {[%eval 64,14]} 13. Bg5 {[%eval 25,15]} Qc7 {[%eval 69,15]}
14. Bh4 {[%eval 27,14]} Bc8 {[%eval 61,14]} 15. Bf3 {[%eval 56,16]} Bxa3 {
[%eval 179,15]} 16. Ne2 {[%eval 31,16]} Be7 {[%eval 33,15]} 17. b3 {[%eval -11,
15]} Nc6 {[%eval -5,16]} 18. Nd3 {[%eval -47,15]} b5 {[%eval 18,15]} 19. b4 {
[%eval -83,16]} h6 {[%eval -68,17]} 20. Nc5 {[%eval -64,15]} Nd7 {[%eval -33,
17]} 21. Bxe7 {[%eval -34,17]} Nxe7 {[%eval -30,15]} 22. Qd2 {[%eval -34,17]}
Nxc5 {[%eval -33,15]} 23. bxc5 {[%eval -34,16]} Bb7 {[%eval -7,16]} 24. c3 {
[%eval -23,18]} O-O {[%eval -22,16]} 25. Nf4 {[%eval -23,18]} Nc6 {[%eval -28,
16]} 26. Rfe1 {[%eval -23,17]} e5 $2 {[%eval 218,19]} 27. Nxd5 {[%eval 217,17]}
Qd8 {[%eval 218,15]} 28. Nb6 {[%eval 217,16]} Rb8 {[%eval 272,17]} 29. d5 {
[%eval 278,17]} Re8 {[%eval 279,16]} 30. Qa2 {[%eval 250,17]} Na7 {[%eval 280,
17]} 31. Rbd1 {[%eval 263,15]} Qc7 {[%eval 458,18]} 32. Be4 {[%eval 129,18]} ({
Fritz 11 mener at hvits sterkeste fortsettelse er:} 32. d6 $1 $18 Qxc5 (32...
Qd8 33. Bxb7 Rxb7 34. Qxa6 Qb8 35. d7 Rd8 36. Rxe5 Qxe5 37. Qxb7 Qxc5 38. Qxa7
Qxc3 39. Nd5 $18) 33. Nd7 Qxc3 34. Nxb8 Bxf3 35. d7 Rd8 ({ikke} 35... Rxb8 $2
36. d8=Q+ Rxd8 37. Rxd8+ Kh7 38. Qxf7 Qxe1+ 39. Kh2 Bh5 40. Qg8+ Kg6 41. Rd6+
Kf5 42. Qxg7 Qxf2 43. Qf6+ Ke4 44. Qxf2 {med matt i 6 trekk}) 36. gxf3 Qxf3 37.
Qa5 Rxb8 38. Qc7 Nc6 39. Qxb8+ Nxb8 40. d8=Q+ $18) 32... Rbd8 {[%eval 250,17]}
({Fritz foreslår} 32... Qxc5 33. Nd7 Qd6 34. Nxb8 Rxb8 $16) 33. d6 {[%eval 47,
19]} ({Fritz 11 vil spille} 33. Qa3 $18) 33... Qxc5 {[%eval 40,17]} 34. d7 {
[%eval 7,19]} Re7 {[%eval 8,17]} 35. Nc8 $6 $19 {[%eval -221,17]} ({Fritz 11
foreslår:} 35. Bxb7 Qxb6 36. Qxa6 Qxa6 37. Bxa6 $11) 35... Bxc8 {[%eval 109,16]
} ({Bedre er} 35... Rexd7 36. Rxd7 Rxd7 37. Bxb7 Rxb7 38. Nxa7 Rxa7 $19) 36.
dxc8=Q {[%eval -37,13]} Qxc8 {[%eval 3,16]} 37. Rxd8+ {[%eval -29,20]} Qxd8 {
[%eval -32,18]} 38. Qxa6 {[%eval -29,16]} Qd7 {[%eval -14,15]} 39. Qa3 {[%eval
-16,16]} Kf8 {[%eval 5,15]} 40. Qb3 {[%eval -13,15]} Kg8 {[%eval 12,16]} 41.
Rd1 {[%eval 10,18]} Qc7 {[%eval 7,16]} 42. Qb4 {[%eval -7,17]} Re8 {[%eval 6,
15]} 43. Qb3 {[%eval -12,17]} Rc8 {[%eval 8,16]} 44. Qb4 {[%eval -17,18]} g6 {
[%eval 0,15]} 45. Bxg6 $6 $19 {[%eval -195,19]} fxg6 {[%eval -194,18]} 46. Qb3+
{[%eval -229,19]} Qc4 {[%eval -237,17]} 47. Qb2 {[%eval -296,16]} Qxc3 $2 $11 {
[%eval -3,14]} 48. Rd8+ {[%eval -233,23]} ({Hvit vinner springeren etter} 48.
Qa2+ Qc4 49. Qxa7) 48... Kf7 {[%eval -222,20]} 49. Rd7+ {[%eval -223,21]} Kf6
$11 {[%eval 0,18]} ({Fritz mener svart bør spille} 49... Ke6 50. Qxc3 Rxc3 51.
Rxa7 b4 $19) 50. Qa2 {[%eval 0,16]} Qc1+ {[%eval 0,19]} 51. Kh2 {[%eval 0,17]}
Qf4+ {[%eval 194,18]} 52. g3 {[%eval 208,20]} Qc4 {[%eval 196,16]} 53. Qxa7 $11
{[%eval 31,16]} ({Fritz vil heller spille} 53. Qa3 Qe6 54. Rd6 $18) 53... Rc6
$6 $18 {[%eval 371,16]} 54. Qe3 $11 {[%eval 21,16]} ({Hvit vinner etter} 54.
Qa3 Ke6 55. Qe7+ Kf5 56. Qf8+ Rf6 57. g4+ Kg5 58. h4+ Kxg4 59. Qxf6 $18) 54...
Qe6 $2 $18 {[%eval 1329,16]} ({Svarts eneste mulighet var} 54... Ke6 $11) 55.
Rd8 $11 {[%eval 44,16]} ({Hvit vinner etter} 55. Qf3+ Qf5 (55... Kg5 56. h4#)
56. Qxc6+ $18) 55... g5 {[%eval 80,15]} 56. Qf3+ {[%eval 14,19]} Kg6 $18 {
[%eval 672,15]} ({Fritz 11 mener at svart må spille} 56... Kg7 $11) 57. Qe4+
$11 {[%eval 14,19]} ({Fritz 11 påviser at hvit nå får vinnende angrep etter
den kanskje litt uventede tårnmanøveren til h8:} 57. Rh8 $3 {F.eks.} Rc8 (57...
Rc7 58. Qe4+ Qf5 59. Rxh6+ Kxh6 60. Qxf5 $18) (57... Qf6 58. Qd3+ Qf5 59. Rxh6+
Kxh6 60. Qxf5) 58. Qe4+ Kg7 (58... Qf5 59. Rxh6+ Kxh6 60. Qxf5) 59. Qh7+ Kf6
60. Qxh6+ Ke7 61. Qxe6+ Kxe6 62. Rxc8 $18) 57... Kg7 {[%eval 15,17]} 58. Rb8
$11 {[%eval 0,18]} Rc5 $2 $18 {[%eval 701,16] Nå får hvit avgjørende angrep.} (
{Fritz 11 vurderer stillingen som helt lik etter} 58... Rb6) 59. Rb7+ {[%eval
706,20]} Kf8 {[%eval 32758,7] Etter dette trekket er det forsert matt i 5
trekk.} (59... Kf6 {går ikke pga} 60. Qf3+ Kg6 61. Qf8) 60. Qh7 {[%eval 32760,
7]} Qf6 {[%eval 32762,7]} 1-0

[Event "Klubbmesterskapet 2014 (B)"]
[Site "Ås, Akershus NOR"]
[Date "2014.04.03"]
[Round "8"]
[White "Petersen, Rune J"]
[Black "Lange, Christine Julia"]
[Result "1-0"]
[WhiteElo "872"]
[BlackElo "510"]
[Annotator "Lea,Per"]
[PlyCount "27"]
[EventDate "2014.01.16"]

1. d4 d5 2. Nf3 Nf6 3. Bg5 e6 4. e3 Be7 5. Bd3 O-O 6. Nbd2 Nc6 7. Bxf6 Bxf6 8.
O-O e5 9. Nxe5 Nxe5 10. dxe5 Bxe5 11. Qh5 f6 $4 (11... f5 {redder partiet og
gir muligens en ørliten fordel for svart. Etter teksttrekket er det forsert
matt i 3 trekk.}) 12. Bxh7+ Kh8 13. Bg6+ Kg8 14. Qh7# 1-0

[Event "Klubbmesterskapet 2014 (B)"]
[Site "Ski, Akershus NOR"]
[Date "2014.03.26"]
[Round "8"]
[White "Garmark, Vegard"]
[Black "Simonsen, Steinar"]
[Result "0-1"]
[WhiteElo "1254"]
[BlackElo "1333"]
[Annotator "Vegard Garmark & Fritz 11"]
[PlyCount "40"]
[EventDate "2014.01.16"]

{C02: French: Advance Variation} 1. e4 e6 2. d4 d5 3. e5 c5 {last book move.
Black has a cramped position} 4. Bb5+ (4. Nf3 Nc6 5. Bb5 cxd4 $11) 4... Nc6 (
4... Bd7 5. Bxd7+ Nxd7 6. Nf3 $15) 5. Bxc6+ (5. Nf3 $5 $11) 5... bxc6 $15 6.
Ne2 Ba6 7. O-O Bxe2 8. Qxe2 cxd4 9. Qg4 (9. Rd1 Qb6 $15) 9... c5 $17 10. Nd2 {
Jeg var ikke fornøyd med hvordan åpningen ble. Svart med en bonde over, og
selv om hvit har rokert er det ingen farligheter med det første for svart.} Ne7
11. Nf3 Ng6 12. Bg5 (12. Rb1 Be7 $17) 12... Be7 (12... Qb8 13. c3 Nxe5 14. Nxe5
Qxe5 15. cxd4 Qxd4 16. Qg3 $19) 13. Rfe1 (13. Bxe7 Qxe7 (13... Kxe7 $6 14. b4
$15) 14. b4 h5 $17) 13... Bxg5 14. Nxg5 O-O (14... Rb8 15. c3 Rxb2 16. cxd4 c4
$19) 15. Rad1 $2 {Så jeg ikke/\} (15. Qh5 h6 16. Nxe6 fxe6 17. Qxg6 Qb6 $15)
15... Rb8 (15... h6 16. Nf3 Rb8 17. b3 $19) 16. b3 $2 {Sukk, ny mulighet hvit
ikke utnytter.} (16. Qh5 $142 $5 {and White has air to breath} h6 17. Nxe6 fxe6
18. Qxg6 Rxb2 19. Qxe6+ Kh8 20. Qg6 $15) 16... h6 $19 17. Nxe6 {Hvit ser
endelig trekket, men dronninga er bunnet ii slaget. Så} (17. Nh3 $142 $19)
17... fxe6 $4 {Svart hadde mulighet til å øke hvits puls betydelig..} (17...
Qd7 $142 {secures victory} 18. f4 Qxe6 $19 (18... fxe6 $6 19. Qxg6 Rxf4 20. Rf1
$19)) 18. Qxg6 $15 {Black king safety dropped} Qd7 19. Rd3 Rf5 20. c3 $4 {
Kjedelig bukk /\ jeg var bekymret for at svart kunne kommet farlig nær
forvandlings felte på C og D linja. MEN Rg3 er selvfølgelig eneste rett!!} (20.
Rg3 $142 {is the best chance} Kh8 21. f3 $15) 20... Rg5 $19 {jeg fikk øye på
trekket mens Steinar tenkte -> så pulsen steg ikke til vers, akkurat. Men, Da
var det bare innse 0-1} (20... Rg5 21. Qxg5 hxg5 22. cxd4 Qb5 $19) 0-1

[Event "Klubbmesterskapet 2014 (B)"]
[Site "Ås, Akershus NOR"]
[Date "2014.05.08"]
[Round "9"]
[White "Thowsen, Alf Geir"]
[Black "Heien, Aksel"]
[Result "1-0"]
[WhiteElo "1195"]
[BlackElo "926"]
[PlyCount "125"]
[EventDate "2014.01.16"]

1. c4 c5 2. Nc3 Nf6 {last book move} 3. d3 {[%eval 2,17]} Nc6 {[%eval 3,16]} 4.
g3 {[%eval 2,16]} e5 {[%eval 20,17]} 5. Bg2 {[%eval 19,16]} Qc7 {[%eval 30,15]}
6. Nf3 {[%eval 26,17]} d6 {[%eval 27,15]} 7. O-O {[%eval 26,16]} a6 {[%eval 96,
16]} 8. Bg5 {[%eval 66,17]} e4 {[%eval 182,17]} 9. dxe4 {[%eval 158,17]} Be7 {
[%eval 161,15]} 10. Nd5 {[%eval 148,18]} Nxd5 {[%eval 148,16]} 11. exd5 {
[%eval 119,18]} Ne5 {[%eval 124,16]} 12. Bxe7 {[%eval 116,17]} Qxe7 {[%eval
118,15]} 13. b3 {[%eval 102,17]} O-O {[%eval 104,17]} 14. Re1 {[%eval 91,17]}
Bd7 {[%eval 95,16]} 15. Qc2 {[%eval 87,15]} g6 {[%eval 104,17]} 16. Rad1 {
[%eval 103,15]} Rfe8 {[%eval 104,16]} 17. e4 {[%eval 79,21]} Bg4 {[%eval 68,19]
} 18. Re3 {[%eval 12,18]} Rad8 {[%eval 107,19]} 19. Rde1 {[%eval 106,17]} Qf6 {
[%eval 147,18]} 20. Nxe5 {[%eval 150,14]} dxe5 {[%eval 147,17]} 21. f3 {[%eval
145,18]} Bd7 {[%eval 147,19]} 22. Qc3 {[%eval 146,17]} Qd6 {[%eval 147,18]} 23.
Rf1 {[%eval 137,18]} Re7 {[%eval 138,19]} 24. f4 {[%eval 137,17]} exf4 {[%eval
255,16]} 25. Rxf4 {[%eval 153,17]} Rf8 {[%eval 275,20]} 26. e5 {[%eval 274,19]}
Qb8 {[%eval 272,17]} 27. Rf6 {[%eval 255,16]} Rfe8 {[%eval 342,19]} 28. d6 {
[%eval 341,20]} Re6 {[%eval 333,17]} 29. Rxe6 {[%eval 285,18]} Bxe6 {[%eval
285,17]} 30. Bd5 {[%eval 222,16]} Qc8 {[%eval 246,19]} 31. Qa5 {[%eval 239,16]}
Bxd5 {[%eval 319,18]} 32. cxd5 {[%eval 312,16]} b6 {[%eval 400,19]} 33. Qxb6 {
[%eval 380,17]} h5 {[%eval 1721,19]} 34. Qc6 {[%eval 1524,17]} Rd8 {[%eval
32726,9]} 35. Qxc8 {[%eval 32728,18]} Rxc8 {[%eval 2054,15]} 36. Kf2 {[%eval
722,20]} a5 {[%eval 32732,17]} 37. Re4 {[%eval 695,20]} Kg7 {[%eval 1306,15]}
38. Rc4 {[%eval 732,18]} g5 {[%eval 891,17]} 39. Ke3 {[%eval 728,18]} Kg6 {
[%eval 1319,15]} 40. g4 {[%eval 680,18]} Re8 {[%eval 1258,18]} 41. gxh5+ {
[%eval 994,18]} Kxh5 {[%eval 1479,16]} 42. Rxc5 {[%eval 1043,20]} Rxe5+ {
[%eval 1085,17]} 43. Kd4 {[%eval 1183,21]} Re8 {[%eval 1236,17]} 44. d7 {
[%eval 1259,24]} Rd8 {[%eval 1260,23]} 45. Rc7 {[%eval 1237,21]} f5 {[%eval
1277,20]} 46. Ke5 {[%eval 1272,20]} f4 {[%eval 1277,19]} 47. Ke6 {[%eval 1276,
19]} f3 {[%eval 1453,16]} 48. Rc1 {[%eval 1455,19]} g4 {[%eval 1716,18]} 49.
Ke7 {[%eval 1778,20]} Rxd7+ {[%eval 32716,16]} 50. Kxd7 {[%eval 32716,17]} Kh4
{[%eval 2883,15]} 51. Rh1 {[%eval 1462,18]} Kh3 {[%eval 1457,15]} 52. Ke6 {
[%eval 1571,19]} f2 {[%eval 1850,16]} 53. Rf1 {[%eval 2706,19]} Kg2 {[%eval
2554,15]} 54. Rxf2+ {[%eval 2703,19]} Kxf2 {[%eval 2702,16]} 55. Kf5 {[%eval
2698,18]} g3 {[%eval 32734,10]} 56. hxg3 {[%eval 32736,19]} Kxg3 {[%eval 32746,
9]} 57. d6 {[%eval 32748,15]} Kf3 {[%eval 32750,9]} 58. d7 {[%eval 32752,12]}
Ke3 {[%eval 32752,9]} 59. d8=Q {[%eval 32756,12]} Kf3 {[%eval 32758,7]} 60.
Qd3+ {[%eval 32760,8]} Kf2 {[%eval 32760,7]} 61. Kg4 {[%eval 32762,7]} Ke1 {
[%eval 32764,7]} 62. Qc2 {[%eval 32764,7]} Kf1 {[%eval 32764,7]} 63. Kf3 {
[%eval 32766,7]} 1-0

[Event "Klubbmesterskapet 2014 (B)"]
[Site "Ås, Akershus NOR"]
[Date "2014.04.10"]
[Round "9"]
[White "Simonsen, Steinar"]
[Black "Ruud, Kjetil"]
[Result "0-1"]
[WhiteElo "1322"]
[BlackElo "1229"]
[Annotator "Lea, Per"]
[PlyCount "92"]
[EventDate "2014.01.16"]

1. c4 b6 2. Nc3 Bb7 3. Nf3 e6 4. g3 Nf6 5. Bg2 Bb4 6. Qb3 Bd6 7. O-O h5 8. d4
Nc6 9. e4 Na5 10. Qc2 Bb4 11. e5 Nh7 12. a3 Be7 13. Ne2 d5 14. c5 h4 15. Bd2
hxg3 16. fxg3 Nc4 17. b4 b5 18. a4 c6 19. axb5 cxb5 20. Rfc1 Ng5 21. Rf1 Ne4
22. Nc3 Nexd2 23. Nxd2 Ne3 24. Qd3 Nxf1 25. Qxb5+ Qd7 26. Qxf1 Bg5 27. Nb3 a6
28. Na4 Qb5 29. Qe1 Qd3 30. Na5 Qxd4+ 31. Kh1 Rb8 32. c6 Ba8 33. c7 Rc8 34. Rd1
Qe3 35. Qxe3 Bxe3 36. Rd3 Ba7 37. Rc3 Kd7 38. Nc5+ Bxc5 39. Rxc5 Rxc7 40. Bf1
Rxc5 41. bxc5 Rc8 42. Nb3 Rb8 43. c6+ Bxc6 44. Nc5+ Ke7 45. Nxa6 Rb1 46. Kg1
Bb5 0-1

[Event "Klubbmesterskapet 2014 (B)"]
[Site "Ås, Akershus NOR"]
[Date "2014.04.10"]
[Round "9"]
[White "Aalmo, Alexander"]
[Black "Alnes, Tord"]
[Result "0-1"]
[WhiteElo "1101"]
[BlackElo "1094"]
[Annotator "Lea, Per"]
[PlyCount "84"]
[EventDate "2014.01.16"]

1. d4 Nf6 2. Nf3 e6 3. Bg5 Be7 4. e3 b6 5. c4 Bb7 6. Nbd2 O-O 7. Bd3 d6 8. Qc2
Nbd7 9. O-O-O d5 10. Ne5 dxc4 11. Nxd7 cxd3 12. Nxf6+ Bxf6 13. Qxd3 Bxg5 {og
etter den slagvekslinga har vel egentlig svart vinststilling} 14. h4 Be7 (14...
Bxh4 15. g3 Bxh1 16. Rxh1 c5 17. Rxh4 h6 {kunne vært skummelt, men svart har
kvalitet og bonde over}) 15. Rh2 f5 16. Rdh1 h5 17. Qe2 Qe8 18. Nf3 Be4 19. Ng5
Qc6+ 20. Kd1 Bxg5 21. hxg5 Bxg2 22. Rxg2 Qxg2 23. Qxh5 Qg4+ 24. f3 Qxh5 25.
Rxh5 g6 26. Rh6 Kg7 27. Rh1 c5 28. dxc5 Rad8+ 29. Kc2 bxc5 30. Rh2 e5 31. Re2
e4 32. f4 Rh8 33. a3 Rh3 34. Kc3 Rd3+ 35. Kc4 Rhxe3 36. Rc2 Rh3 37. Kxc5 e3 38.
Kb5 Rd7 39. Kc6 Rd2 40. Rc1 e2 41. Kb7 Rxb2+ 42. Kxa7 Rxa3# 0-1

[Event "Klubbmesterskapet 2014 (B)"]
[Site "Ås, Akershus NOR"]
[Date "2014.04.10"]
[Round "9"]
[White "Aasestad, Tor Erik"]
[Black "Stensland, Martin"]
[Result "0-1"]
[WhiteElo "876"]
[BlackElo "1170"]
[Annotator "Lea, Per"]
[PlyCount "62"]
[EventDate "2014.01.16"]

1. d4 d5 2. c4 dxc4 3. Nc3 Nf6 4. e4 e6 5. Nf3 Bb4 6. Qc2 h6 7. Bxc4 Bxc3+ 8.
bxc3 O-O 9. h3 c6 10. O-O Qc7 11. e5 Nd5 12. Ba3 Re8 13. Bd6 Qa5 14. Bxd5 cxd5
15. Nd2 Bd7 16. Nb3 Qd8 17. Nc5 Bc6 18. Rab1 Nd7 19. Nxb7 Qc8 20. Na5 Qa6 21.
Nxc6 Qxc6 22. f4 f5 23. Qb3 Nb6 24. Bc5 Nc4 25. Qb7 Qa4 26. Rf2 Rab8 27. Qxb8
Rxb8 28. Rxb8+ Kh7 29. Rf3 $2 (29. Rb3 {med ørliten fordel for hvit}) 29...
Qd1+ (29... Nd2 {er enda bedre:} 30. Rf2 Qd1+ 31. Kh2 Qe1 32. Rxd2 {hvit er
nødt til å miste kvalitet} Qxd2) 30. Kh2 Nd2 31. Rg3 Nf1+ {Hvit ga opp: det
ryker et helt tårn} 0-1

[Event "Klubbmesterskapet 2014 (B)"]
[Site "Ås, Akershus NOR"]
[Date "2014.04.10"]
[Round "9"]
[White "Lange, Christine"]
[Black "Olsen, Trygve"]
[Result "0-1"]
[WhiteElo "510"]
[BlackElo "1246"]
[PlyCount "80"]
[EventDate "2014.01.16"]

1. e4 e6 2. d4 c6 3. Nc3 g6 4. Bc4 b5 5. Bb3 a5 6. a4 b4 7. Nce2 d5 8. e5 Bg7
9. c3 Nh6 10. Bd2 bxc3 11. bxc3 Nf5 12. Nf3 O-O 13. O-O h6 14. c4 Nh4 15. Nc3
Nxf3+ 16. Qxf3 f5 17. cxd5 Qb6 18. Qd1 Qxd4 19. dxe6 Re8 20. Ne2 Qxe5 21. Nf4
Kh7 22. Qf3 Qc7 23. Rfe1 Bb7 24. Qe3 Bxa1 25. Rxa1 g5 26. Nd3 Nd7 27. Re1 Nf6
28. Qe5 Qxe5 29. Rxe5 Kg6 30. e7 Bc8 31. f4 g4 32. Nc5 Ra7 33. Ne6 Raxe7 34.
Nf8+ Kg7 35. Bxa5 Rxe5 36. fxe5 Rxe5 37. Bb4 c5 38. Bc3 Re3 39. Bxf6+ Kxf6 40.
Bc4 Re4 0-1

[Event "Høstturneringen 2013"]
[Site "Ås, Akershus NOR"]
[Date "2013.09.05"]
[Round "1"]
[White "Flügel, Stefan"]
[Black "Simonsen, Steinar"]
[Result "1-0"]
[WhiteElo "1675"]
[BlackElo "1364"]
[PlyCount "43"]
[EventDate "2013.09.05"]

1. e4 e6 2. d4 d5 3. Nc3 Nf6 4. e5 Nfd7 5. f4 c5 6. Nf3 Nc6 7. Ne2 cxd4 8.
Nexd4 Bc5 9. c3 Qb6 10. Rb1 Nxd4 11. Nxd4 Bxd4 12. cxd4 Qb4+ 13. Qd2 Qxd2+ 14.
Bxd2 O-O 15. Bb5 a6 16. Bd3 f6 17. O-O fxe5 18. fxe5 Rxf1+ 19. Rxf1 Nf8 20. Bb4
Bd7 21. Bxf8 Rxf8 22. Bxh7+ 1-0

[Event "Høstturneringen 2013"]
[Site "Ås, Akershus NOR"]
[Date "2013.09.05"]
[Round "1"]
[White "Olsen, Trygve"]
[Black "Lea, Per"]
[Result "0-1"]
[WhiteElo "1287"]
[BlackElo "1655"]
[PlyCount "80"]
[EventDate "2013.09.05"]

1. e4 e5 2. Bc4 Nf6 3. Nf3 Nc6 4. Ng5 Bc5 5. Bxf7+ Ke7 6. Bb3 Rf8 7. d3 h6 8.
Nf3 d6 9. Nbd2 Bg4 10. h3 Bh5 11. c3 Kd7 12. Ba4 Qe7 13. b4 Bb6 14. Bb3 Nd8 15.
a4 a6 16. Nc4 Ba7 17. a5 Ne6 18. Ba4+ Kc8 19. Ne3 Bxe3 20. Bxe3 Bxf3 21. gxf3
Nh5 22. Kd2 Ng5 23. Bxg5 Qxg5+ 24. Kc2 Qg2 25. Qg1 Qxf3 26. Qg4+ Qxg4 27. hxg4
Rxf2+ 28. Kb3 Nf4 29. Rhf1 Rxf1 30. Rxf1 Kd8 31. d4 Ke7 32. dxe5 dxe5 33. Rd1
c6 34. c4 Ne2 35. b5 axb5 36. cxb5 Rxa5 37. bxc6 bxc6 38. Kb4 Rxa4+ 39. Kb3
Rxe4 40. Rd2 Nd4+ 0-1

[Event "Høstturneringen 2013"]
[Site "Ås, Akershus NOR"]
[Date "2013.09.05"]
[Round "1"]
[White "Kielland-Lund, Jon"]
[Black "Garmark, Vegard"]
[Result "1-0"]
[WhiteElo "1616"]
[BlackElo "1182"]
[PlyCount "56"]
[EventDate "2013.09.05"]

1. c4 d5 2. cxd5 Nf6 3. Nc3 Nxd5 4. g3 c6 5. Bg2 Bg4 6. d4 e6 7. Qb3 Qb6 8.
Qxb6 axb6 9. f3 Nb4 10. fxg4 Nc2+ 11. Kd1 Nxa1 12. e4 Bb4 13. Nge2 Bxc3 14.
Nxc3 b5 15. b4 Na6 16. a3 O-O-O 17. Be3 Nb3 18. d5 c5 19. Kc2 Nd4+ 20. Bxd4
cxd4 21. Nxb5 exd5 22. exd5 Nc7 23. Nxc7 Kxc7 24. Kd3 Ra8 25. Kxd4 Rxa3 26.
Rc1+ Kd6 27. Rc2 Rb3 28. Kc4 Rc8+ 1-0

[Event "Høstturneringen 2013"]
[Site "Ås, Akershus NOR"]
[Date "2013.09.05"]
[Round "1"]
[White "Thowsen, Alf Geir"]
[Black "Furnes, Torstein"]
[Result "0-1"]
[WhiteElo "1166"]
[BlackElo "1575"]
[PlyCount "52"]
[EventDate "2013.09.05"]

1. e4 c5 2. Nf3 Nc6 3. Nc3 d6 4. Bc4 e6 5. d3 Nf6 6. O-O Be7 7. a3 O-O 8. Be3
d5 9. e5 Nd7 10. Nxd5 exd5 11. Bxd5 Ndxe5 12. Ba2 Bg4 13. Re1 Bd6 14. h3 Nxf3+
15. gxf3 Bxh3 16. f4 Qh4 17. Qf3 Rae8 18. c3 Be6 19. Bb1 Bg4 20. Qg3 Qxg3+ 21.
fxg3 g5 22. Kf2 gxf4 23. gxf4 h5 24. Bc2 h4 25. Rh1 Bxf4 ({Fritz foreslår} 
25... Rxe3 $1 26. Kxe3 Re8+ 27. Kf2 (27. Kd2 Bxf4#) 27... Re2+ 28. Kf1 Rxc2 29.
Rxh4 Bf5) 26. Rag1 $4 (26. Bxf4 Re2+ 27. Kg1 Rxc2 28. Rxh4 f5) 26... Bxe3+ 0-1

[Event "Høstturneringen 2013"]
[Site "Ås, Akershus NOR"]
[Date "2013.09.05"]
[Round "1"]
[White "Seim, Fredrik"]
[Black "Aalmo, Alexander"]
[Result "1-0"]
[WhiteElo "1570"]
[BlackElo "1104"]
[PlyCount "55"]
[EventDate "2013.09.05"]

1. Nc3 g6 2. e4 Bg7 3. Bc4 d6 4. Nge2 Nf6 5. O-O a6 6. a4 O-O 7. d3 Nbd7 8. f4
b6 9. Ng3 Bb7 10. Be3 e6 11. f5 Ng4 12. Qxg4 Ne5 13. Qe2 Nxc4 14. dxc4 exf5 15.
exf5 Qd7 16. f6 Bh8 17. Nd5 Rfe8 18. Ne7+ Rxe7 19. fxe7 Qxe7 20. Qf2 Bxb2 21.
Rae1 Qd7 22. Bd4 Bxd4 23. Qxd4 Rf8 24. Re3 f5 25. Nh5 Qf7 26. Rxf5 gxf5 27.
Rg3+ Qg6 28. Rxg6+ 1-0